Szczegóły MARC21

Felix i Felka /

003 -Nazwa inst., której nr kontr. jest w polu 001 [,]
    • @
    • Nazwa instytucji, której n kontrolny jest w polu 001
    • NUKAT
005 -DATA I CZAS OSTATNIEJ MODYFIKACJI [,]
    • @
    • pole kontrolne
    • 20241231094244.0
020 -Międzynarod. znormalizowany nr książki - ISBN [ , ]
    • a
    • Numer ISBN
    • 9788322643518 Find
    • q
    • Dopowiedzenie
    • wersja drukowana
040 -Instytucja sporządzająca opis [ , ]
    • a
    • Instytucja, która sporządziła opis (NP)
    • KAT U/IC
    • b
    • Język katalogowania
    • pol
    • e
    • Zasady katalogowania
    • rda
    • c
    • Instytucja, która sporządziła rekord (NP)
    • KAT U/ICs
    • d
    • Instytucja, która zmodyfikowała rekord (P)
    • KAT U/IC
    • d
    • Instytucja, która zmodyfikowała rekord (P)
    • WA U/WM
    • d
    • Instytucja, która zmodyfikowała rekord (P)
    • KAT U/41BMs
041 -Język dokumentu [1, ]
    • a
    • Język tekstu (P)
    • polski
    • h
    • Język tekstu oryginalnego i/lub pośredniego (P)
    • niemiecki
942 -Rodzaj dokumentu [ , ]
    • c
    • Rodzaj dokumentu
    • Książka
100 -Hasło główne - nazwa osobowa [1, ]
    • a
    • Nazwa osobowa (NP)
    • Schädlich, Hans Joachim
    • d
    • Daty biograficzne (NP)
    • (1935- ).
    • e
    • Rodzaj współpracy
    • Autor
    • 9
    • KHW
    • 15329
245 -Strefa tytułu i oznaczenia odpowiedzialności [1,0]
    • a
    • Tytuł
    • Felix i Felka / Find
    • c
    • Pozostałe elementy strefy tytułu i oznaczenia odpowiedzialności (NP)
    • Hans Joachim Schädlich ; tłumaczenie i opracownie Renata Dampc-Jarosz.
250 -Strefa wydania [ , ]
    • a
    • Oznaczenie wydania (NP)
    • Wydanie I.
260 -Strefa adresu wydawniczego [ , ]
    • a
    • Miejsce wydania (P)
    • Katowice :
    • b
    • Nazwa wydawcy (P)
    • Wydawnictwo Uniwersytetu Śląskiego,
    • c
    • Data wydania (P)
    • 2023.
300 -Strefa opisu fizycznego [ , ]
    • a
    • Określenie formy książki i/lub objętość (NP)
    • 163, [3] strony ;
    • c
    • Format (NP)
    • 24 cm.
336 -Typ zawartości [ , ]
    • a
    • Termin opisujący typ zawartości
    • Tekst
    • b
    • Kod określający zawartość
    • txt
    • 2
    • Źródło (terminu i kodu)
    • rdacontent
337 -Typ mediów [ , ]
    • a
    • Tryb odtwarzania
    • Bez urządzenia pośredniczącego
    • b
    • Kod typu mediów
    • n
    • 2
    • Źródło (terminu i kodu)
    • rdamedia
338 -Typ/rodzaj nośnika [ , ]
    • a
    • Hasło opisujące typ nośnika
    • Wolumin
    • b
    • Kod typu nośnika
    • nc
    • 2
    • Źródło (terminu i kodu)
    • rdacarrier
380 -Deskryptor - Forma dzieła (P) [ , ]
    • a
    • forma dzieła (NP)
    • Książki
380 -Deskryptor - Forma dzieła (P) [ , ]
    • a
    • forma dzieła (NP)
    • Proza
386 -Deskryptor - przynależność kulturowa (P) [ , ]
    • m
    • Wyrażenie wprowadzające (NP)
    • Przynależność kulturowa
    • a
    • Przynależność kulturowa (NP)
    • Literatura niemiecka
388 -Deskryptor - czas powstania dzieła (P) [1, ]
    • a
    • Czas powstania dzieła (NP)
    • 2001-
490 -Strefa serii i książki wielotomowej - forma nie do wyszukiwania [1, ]
    • a
    • Tytuł (P)
    • Biblioteka Narracji o Zagładzie, Find
    • x
    • ISSN (NP)
    • 2720-1597 ;
    • v
    • Numeracja (P)
    • 3
830 -Hasło dodatkowe serii i opisu książki wielotomowej - tytuł ujednolicony/tytuł [ ,0]
    • a
    • Tytuł ujednolicony/tytuł (NP)
    • Biblioteka Narracji o Zagładzie
    • x
    • ISSN
    • 2720-1597
    • v
    • Oznaczenie tomu (NP)
    • 3
    • 9
    • KHW
    • 618022
500 -Uwaga ogólna [ , ]
    • a
    • Uwaga ogólna (NP)
    • Nota od tłumaczki na stronie 163.
500 -Uwaga ogólna [ , ]
    • a
    • Uwaga ogólna (NP)
    • Na obwolucie fotografia autora.
504 -Uwaga dot. bibliogr. załącznikowej [ , ]
    • a
    • Uwaga dot. bibliografii załącznikowej
    • Bibliografia na stronach 157-159.
600 -Hasło przedmiotowe w formie nazwy osobowej [1,7]
    • a
    • Nazwa osobowa
    • Nussbaum, Felix
    • d
    • Daty związane z nazwą
    • (1904-1944)
    • 2
    • Źródło terminu
    • DBN
    • 9
    • KHW
    • 299445
600 -Hasło przedmiotowe w formie nazwy osobowej [1,7]
    • a
    • Nazwa osobowa
    • Platek, Felka
    • d
    • Daty związane z nazwą
    • (1899-1944)
    • 2
    • Źródło terminu
    • DBN
650 -Hasło przedmiotowe [ ,7]
    • a
    • Hasło przedmiotowe
    • Wojna światowa (1939-1945)
    • x
    • Określnik rzeczowy
    • Żydzi
    • v
    • Określnik formalny
    • powieści.
    • 2
    • Źródło terminu
    • kaba
    • 9
    • KHW
    • 531244
650 -Hasło przedmiotowe [ ,7]
    • a
    • Hasło przedmiotowe
    • Ukrywanie się Żydów (1939-1945)
    • 2
    • Źródło terminu
    • DBN
    • 9
    • KHW
    • 735094
650 -Hasło przedmiotowe [ ,7]
    • a
    • Hasło przedmiotowe
    • Holokaust
    • 2
    • Źródło terminu
    • DBN
    • 9
    • KHW
    • 723023
650 -Hasło przedmiotowe [ ,7]
    • a
    • Hasło przedmiotowe
    • Antysemityzm
    • 2
    • Źródło terminu
    • DBN
    • 9
    • KHW
    • 724208
655 -Hasło w funkcji tematu formalnego [ ,7]
    • a
    • Hasło
    • Powieść niemiecka
    • y
    • Określnik chronologiczny
    • 1990-
    • v
    • Określnik formy
    • tłumaczenia polskie.
    • 2
    • Źródło terminu
    • kaba
    • 9
    • KHW
    • 387501
655 -Hasło w funkcji tematu formalnego [ ,7]
    • a
    • Hasło
    • Powieść
    • 2
    • Źródło terminu
    • DBN
    • 9
    • KHW
    • 720932
700 -Hasło dodatkowe - nazwa osobowa [1, ]
    • a
    • Nazwa osobowa (NP)
    • Dampc-Jarosz, Renata Find
    • d
    • Daty biograficzne (NP)
    • (1970- ).
    • e
    • Określenie rodzaju współpracy
    • Tłumaczenie
    • e
    • Określenie rodzaju współpracy
    • Redakcja
    • 9
    • KHW
    • 485489
710 -Hasło dodatkowe - nazwa ciała zbiorowego [2, ]
    • a
    • Nazwa ciała zbiorowego lub nazwa geograficzna jako pierwszy element (NP)
    • Uniwersytet Śląski (Katowice).
    • e
    • Rodzaj współpracy
    • Wydawca
    • 4
    • Kod relacji
    • pbl
    • 9
    • KHW
    • 10892
920 -ISBN [ , ]
    • a
    • ISBN
    • 978-83-226-4351-8 Find
    • q
    • Dopowiedzenie
    • wersja drukowana
Sygnatura Data inwentaryzacji Lokalizacja Numer inwentarzowy Status udost.
Pol. Literatura niemiecka2024-02-23BMBJM.3480-3